Využitie simulácie Národnej ceny SR za kvalitu v procese zlepšovania v organizáciách

Simulácia procesu Národnej ceny SR za kvalitu sa môže stať efektívnym nástrojom zlepšovania v organizáciách. Ciele simulácie ceny za kvalitu. Metódy sebahodnotenia. Voľba vhodnej metódy sebahodnotenia. Podrobnejšie vymenovanie niektorých bodov tohto postupu. Vymenovanie tímov hodnotiteľov. Úloha ved...

ver descrição completa

Na minha lista:
Detalhes bibliográficos
Autor principal: Baková, Ingrid
Formato: Capítulo de Livro
Idioma:eslovaco
Assuntos:
Tags: Adicionar Tag
Sem tags, seja o primeiro a adicionar uma tag!

MARC

LEADER 00000naa a2200000 4500
001 r043041
005 20231002065957.2
041 0 |a slo 
044 |a SK 
245 1 0 |a Využitie simulácie Národnej ceny SR za kvalitu v procese zlepšovania v organizáciách  |c Ingrid Baková 
520 |a Simulácia procesu Národnej ceny SR za kvalitu sa môže stať efektívnym nástrojom zlepšovania v organizáciách. Ciele simulácie ceny za kvalitu. Metódy sebahodnotenia. Voľba vhodnej metódy sebahodnotenia. Podrobnejšie vymenovanie niektorých bodov tohto postupu. Vymenovanie tímov hodnotiteľov. Úloha vedúcich hodnotiteľov a konsenzus míting. Obsah spätnej správy. Záver. Zhrnutie. 
610 2 0 |a kvalita 
610 2 0 |a simulácia 
610 2 0 |a Národná cena SR za kvalitu 
610 2 0 |a RADAR card 
610 2 0 |a model EFQM 
610 2 0 |a tímy pracovné 
610 2 0 |a hodnotenie práce 
610 2 0 |a dotazníky 
610 2 0 |a väzba spätná 
610 2 0 |a zlepšovateľstvo 
610 2 0 |a organizácie 
100 1 |a Baková, Ingrid